Statistiken für Länder, die Guinea-Bissau am nächsten liegen - Einminütiger Sprint

Klicken Sie hier um das Quiz zu spielen!

Allgemein

  • Dieses Quiz wurde 54 mal gespielt
  • Das Durchschnittsergebnis liegt bei 14 aus 20

Antwortstatistiken

kmLand% Korrekt
0Guinea
98%
0Senegal
94%
637Côte d'Ivoire
92%
1479Togo
90%
1188Ghana
88%
208Mali
87%
249Sierra Leone
87%
61Gambia
83%
1511Niger
83%
1586Benin
81%
519Liberia
79%
1668Marokko
79%
280Mauretanien
79%
900Burkina Faso
75%
1832Nigeria
73%
1657Algerien
63%
758Cabo Verde
50%
1674Spanien
19%
921Westsahara
17%
2225Portugal
10%

Verteilung der Resultate

Perzentil nach korrekt beantworteten Fragen

Anzahl Personen mit jedem Resultat

Ihre Resultats-Entwicklung

Sie haben dieses Quiz noch nicht gespielt